Data structures and problem solving with Turbo Pascal : (Record no. 9532)

MARC details
000 -LEADER
fixed length control field 01360pam a2200361 a 4500
001 - CONTROL NUMBER
control field 3923864
003 - CONTROL NUMBER IDENTIFIER
control field OSt
005 - DATE AND TIME OF LATEST TRANSACTION
control field 20251006114608.0
008 - FIXED-LENGTH DATA ELEMENTS--GENERAL INFORMATION
fixed length control field 920807s1993 caua 001 0 eng
010 ## - LIBRARY OF CONGRESS CONTROL NUMBER
LC control number 92029450
020 ## - INTERNATIONAL STANDARD BOOK NUMBER
International Standard Book Number 080531217X
035 ## - SYSTEM CONTROL NUMBER
System control number 3923864
040 ## - CATALOGING SOURCE
Original cataloging agency DLC
Transcribing agency must
Modifying agency DLC
050 00 - LIBRARY OF CONGRESS CALL NUMBER
Classification number QA76.73.P2
Item number C3665 1993
082 00 - DEWEY DECIMAL CLASSIFICATION NUMBER
Classification number 005.7/3 CAR 1993
Edition number 20
100 1# - MAIN ENTRY--PERSONAL NAME
Personal name Carrano, Frank M.
9 (RLIN) 5615
245 10 - TITLE STATEMENT
Title Data structures and problem solving with Turbo Pascal :
Remainder of title walls and mirrors /
Statement of responsibility, etc. Frank M. Carrano, Paul Helman, Robert Veroff.
260 ## - PUBLICATION, DISTRIBUTION, ETC. (IMPRINT)
Place of publication, distribution, etc. Redwood City, Calif. :
Name of publisher, distributor, etc. Benjamin/Cummings Pub. Co.,
Date of publication, distribution, etc. c1993.
300 ## - PHYSICAL DESCRIPTION
Extent xxii, 715, 54, 8 p. :
Other physical details ill. (some col.) ;
Dimensions 27 cm.
336 ## - CONTENT TYPE
Content type term text
Content type code txt
Source rdacontent
337 ## - MEDIA TYPE
Media type term unmediated
Media type code n
Source rdamedia
338 ## - CARRIER TYPE
Carrier type term volume
Carrier type code nc
Source rdacarrier
500 ## - GENERAL NOTE
General note Includes index.
630 00 - SUBJECT ADDED ENTRY--UNIFORM TITLE
Uniform title Turbo Pascal (Computer file)
9 (RLIN) 2144
650 #0 - SUBJECT ADDED ENTRY--TOPICAL TERM
Topical term or geographic name as entry element Pascal (Computer program language)
9 (RLIN) 2145
650 #0 - SUBJECT ADDED ENTRY--TOPICAL TERM
Topical term or geographic name as entry element Data structures (Computer science)
9 (RLIN) 6550
700 1# - ADDED ENTRY--PERSONAL NAME
Personal name Helman, Paul.
9 (RLIN) 19403
700 1# - ADDED ENTRY--PERSONAL NAME
Personal name Veroff, Robert.
9 (RLIN) 19404
906 ## - LOCAL DATA ELEMENT F, LDF (RLIN)
a 7
b cbc
c orignew
d 1
e ocip
f 19
g y-gencatlg
942 ## - ADDED ENTRY ELEMENTS (KOHA)
Source of classification or shelving scheme Other/Generic Classification Scheme
Koha item type Book Bank
Holdings
Withdrawn status Lost status Source of classification or shelving scheme Damaged status Not for loan Home library Current library Date acquired Source of acquisition Inventory number Total Checkouts Full call number Barcode Checked out Date last seen Date last checked out Price effective from Koha item type
    Other/Generic Classification Scheme     MUST Main Library MUST Main Library 06/10/2025 donation 2001/15695 1 005.7/3 CAR 1993 2025-0058 30/04/2026 17/04/2026 17/04/2026 06/10/2025 Book Bank